000 00659nam a2200217Ia 4500
003 BUBTL
008 151213s9999 xx 000 0 und d
020 _a812031039x
082 _a658.15/ V317i/ 1995
100 _aVan Horne, James C.
_94440
245 _aFundamentals of financial management
_cJames C. Van Horne & John M. Wachowicz
250 _a9th
260 _aNew Delhi
_bPrentice hall
_cc1995
300 _a[xviii], 763p . :
_bill. Table ; 26cm .
500 _aIncludes Index .
650 _aFinance
700 _aJames C. Van Horne & John M. Wachowicz
856 _k0
_l0
_yDownload
942 _2ddc
_cBK
999 _c1011
_d1011